[Event "Arab Cities-chT"]
[Site "Monastir"]
[Date "2015.11.09"]
[Round "3"]
[White "Boudriga, Mohamed Ali"]
[Black "Qaysiyah, Hani"]
[Result "1-0"]
[WhiteElo "2344"]
[BlackElo "1739"]
[PlyCount "21"]
[EventDate "2015.11.07"]
[EventType "team-tourn"]
[EventRounds "7"]
[EventCountry "TUN"]
[SourceTitle "CBM 170 Extra"]
[Source "ChessBase"]
[SourceDate "2016.02.25"]
[SourceVersion "1"]
[SourceVersionDate "2016.02.25"]
[SourceQuality "1"]
[WhiteTeam "Ksibet Mediouni"]
[BlackTeam "Qods"]
[WhiteTeamCountry "TUN"]
[BlackTeamCountry "PLE"]

1. e4 c5 2. Nf3 e6 3. c3 Nc6 4. d4 cxd4 5. cxd4 Nf6 6. Nc3 Bb4 7. Bd3 d6 8. 0-0 e5 9. d5 Ne7 10. Qa4+ Bd7 11. Qxb4 1-0

[Event "Asia Cities-ch 19th"]
[Site "Kalutara "]
[Date "2015.07.24"]
[Round "4"]
[White "Amini, Habibullah"]
[Black "Qaysiyah, Hani"]
[Result "1-0"]
[WhiteElo "1906"]
[BlackElo "1759"]
[PlyCount "53"]
[EventDate "2015.07.22"]
[EventType "team-tourn"]
[EventRounds "9"]
[EventCountry "SRI"]
[SourceTitle "EXT 2020"]
[Source "ChessBase"]
[SourceDate "2019.10.17"]
[SourceVersion "1"]
[SourceVersionDate "2019.10.17"]
[SourceQuality "1"]
[WhiteTeam "Kabul"]
[BlackTeam "Al Quds (Jerusalem)"]
[WhiteTeamCountry "AFG"]
[BlackTeamCountry "PLE"]

1. f4 e6 2. Nf3 Nf6 3. d4 c5 4. e3 d5 5. Be2 Nc6 6. 0-0 Qb6 7. c3 Bd6 8. Nbd2 c4 9. Ne5 0-0 10. Qc2 Nd7 11. Ndf3 f6 12. Ng4 e5 13. b3 cxb3 14. axb3 exf4 15. exf4 Qc7 16. Bd3 h6 17. Nh4 Ne7 18. c4 b6 19. Qe2 Nb8 20. Ne3 Bxf4 21. Rxf4 Qxf4 22. Nef5 Qc7 23. Nxe7+ Kh8 24. Nhg6+ Kh7 25. Nxf8+ Kh8 26. Neg6+ Kg8 27. Qe8 1-0